00594nmm a2200169Ia 4500008004100000020001800041041000800059100003400067245010800101264005800209300001800267490003500285650002900320856005100349942000700400999001700407251105s9999||||xx |||||||||||||||||und|| a9788484894841 aspa aEnrique-Arias, Andrés (ed.) 0aDiacronía de las lenguas iberorrománicas :b Nuevas aportaciones desde la lingüística de corpus a[Madrid, España] :bIberoamericana Vervuert, c2009 a416 páginas aLingüística Iberoamericana aRomance language studies uhttps://public.digitaliapublishing.com/a/18336 cCF c86633d86633